Score 0/44 Timer 20:00
1 Play Today
Character Relationship With % Correct
Meredith GreyGeorge O'Malley
98.7%
Cristina YangPreston Burke
83.2%
Derek ShepherdMeredith Grey
81.9%
Ellis GreyThatcher Grey
80.4%
Derek ShepherdAddison Montgomery
78.8%
Richard WebberEllis Grey
78.7%
Richard WebberAdele Webber
78%
Derek ShepherdRose
75.7%
Cristina YangOwen Hunt
75.6%
Meredith GreyFinn Dandridge
75.2%
Addison MontgomeryDerek Shepherd
73.2%
Izzie StevensAlex Karev
72.6%
Alex KarevOlivia Harper
72.1%
George O'MalleyCallie Torres
72%
Izzie StevensDenny Duqette
72%
Addison MontgomeryMark Sloan
71.8%
Alex KarevIzzie Stevens
70.4%
Alex KarevApril Kepner
70.3%
Cristina YangOwen Hunt
69.7%
Mark SloanAddison Montgomery
68.3%
Lexie GreyMark Sloan
68.2%
Callie TorresArizona Robbins
66.8%
Character Relationship With % Correct
Preston BurkeCristina Yang
65.9%
April KepnerJackson Avery
65.6%
Arizona RobbinsCallie Torres
65.6%
Mark SloanLexie Grey
64.9%
Owen HuntCristina Yang
64.5%
Rebecca PopeAlex Karev
64.4%
Erica HahnCallie Torres
64.4%
RoseDerek Shepherd
63.1%
George O'MalleyLexie Grey
62%
Arizona RobbinsCallie Torres
61.4%
Lucy FIeldsAlex Karev
60.5%
Jason MyersJo Wilson
54.9%
April KepnerMatthew
54.1%
Jo WilsonJason Myers
52.3%
Owen HuntTeddy Altman
50.2%
Addison MontgomeryMark Sloan
49.3%
Owen HuntCristina Yang
48.8%
Callie TorresErica Hahn
44.9%
Alex KarevLexie Grey
44.1%
Owen HuntBeth
36.9%
Mark SloanTeddy Altman
36.1%
Alex KarevCallie Torres
29.9%
Remove Ads.
Support Sporcle.
Get the best of Sporcle when you Go Orange. This ad-free experience offers more features, more stats, and more fun while also helping to support Sporcle. Thank you for becoming a member.

You're not logged in!

Compare scores with friends on all Sporcle quizzes.
OR
Log In

Show Comments

Extras

Top Quizzes Today


Score Distribution

Your Account Isn't Verified!

In order to create a playlist on Sporcle, you need to verify the email address you used during registration. Go to your Sporcle Settings to finish the process.

Report this User

Report this user for behavior that violates our Community Guidelines.

Details: